000 00781nam a2200253 i 4500
003 DO-SdBNP
005 20250617113724.0
007 ta
008 250617s2004 dr 000 0 spa d
040 _aDO-SdBNP
_bspa
_cBNPHU
_erda
082 _axxxx
_bR426
_222
110 _aRepública Dominicana
_9447
240 1 0 _a[leyes,etc.]
245 1 0 _aLey No. 137-03 :
_bsobre tráfico ilícito de migrantes y trata de personas /
264 1 _aSanto Domingo :
_bEditorial La Filantropica,
_c2004.
300 _a14 páginas
_c21 cm.
336 _atexto
_btxt
_2rdacontent
337 _asin mediación
_bn
_2rdamedia
338 _avolumen
_bnc
_2rdacarrier
500 _aPromulgada el 7 de agosto del 2003.
590 _aInventariado, 2025/ YL
910 _aYLockward
942 _2ddc
_cLF2
999 _c59314
_d59314